| 000 | 01566cam a22003495i 4500 | ||
|---|---|---|---|
| 999 |
_c28020 _d27991 |
||
| 001 | 20356502 | ||
| 003 | EG-ScBUE | ||
| 005 | 20200210103047.0 | ||
| 008 | 180213t20192019nyua f bq 001 0 eng d | ||
| 020 | _a9780190865771 (pbk. : alk. paper) | ||
| 040 |
_aDLC _beng _erda _cDLC _dEG-ScBUE |
||
| 043 | _an-us--- | ||
| 082 | 0 | 4 |
_a791.430979493 _bCOH _222 |
| 100 | 1 |
_aCohan, Steven, _d1948- _eauthor. |
|
| 245 | 1 | 0 |
_aHollywood by Hollywood : _bthe backstudio picture and the mystique of making movies / _cSteven Cohan. |
| 264 | 1 |
_aNew York, NY : _bOxford University Press, _c[2019] |
|
| 264 | 4 | _cc2019 | |
| 300 |
_ax, 270 pages : _billustrations ; _c26 cm |
||
| 336 |
_atext _btxt _2rdacontent |
||
| 337 |
_aunmediated _bn _2rdamedia |
||
| 338 |
_avolume _bnc _2rdacarrier |
||
| 504 | _aIncludes filmography. | ||
| 504 | _aIncludes bibliographical references and index. | ||
| 505 | 0 | _aIntroduction: the backstudio picture -- Self-reflexive Hollywood -- Elusive Hollywood -- Movie-struck Hollywood -- Monstrous Hollywood -- Masculine Hollywood -- Historical Hollywood -- Virtual Hollywood -- Conclusion. | |
| 650 | 7 |
_aMotion picture industry in motion pictures. _2EG-ScBUE |
|
| 650 | 7 |
_aMotion pictures _zUnited States _xHistory. _2EG-ScBUE |
|
| 651 | 7 |
_aHollywood (Los Angeles, Calif.) _xIn motion pictures. _2EG-ScBUE |
|
| 653 |
_bCOMAME _cFebruary2020 |
||
| 776 | 0 | 8 |
_iOnline version: _aCohan, Steven, 1948- author. _tHollywood by Hollywood _dNew York : Oxford University Press, [2019] _z9780190865795 _w(DLC) 2018007709 |
| 942 |
_2ddc _cBB |
||